Missae propriae sanctorum hispanorum, et aliorum plurimorum quae ex Apostolicis Summor. Pontif. concessionibus tum specialibus, tum generalibus, novissimisque decretis S. Rit. Congregat. in Hispania celebrantur accurate dispositae juxta ordinem & ritum quo in ipsa generaliter celebrantur a R. P. Fr. Valentino Romero, Abbate Regii Monasterii Montis-Serrati Matritensis, Ord. S. Benedicti

Detalles Bibliográficos
Autor Corporativo: Iglesia Católica
Formato: Libro
Lenguaje:Latin
Publicado: Matriti :typis Societatis], 1797
Materias:
Colección:Banco de datos
Acervo:Colección Antigua del Archivo Histórico del Colegio de San Ignacio de Loyola. Vizcaínas
Descripción Física:83 p. : il. ; f°
Tema general:Liturgia
Notas:Portada a dos tintas con grabado central calcográfico. Colofón: Matriti. Prima editio quae ex Typis Regiae Typographorum & Bibliopolarum Societatis in lucem prodiit. ANNO MDCCXCVII. Incluye notas musicales en grabado xilográfico. Encuadernación en piel sobre cartón con broches. Texto a dos tintas
LEADER 01186nam a22001930004500
035 |a 51 
041 0 |a lat 
110 1 |a Iglesia Católica 
245 1 0 |a Missae propriae sanctorum hispanorum, et aliorum plurimorum quae ex Apostolicis Summor. Pontif. concessionibus tum specialibus, tum generalibus, novissimisque decretis S. Rit. Congregat. in Hispania celebrantur accurate dispositae juxta ordinem & ritum quo in ipsa generaliter celebrantur a R. P. Fr. Valentino Romero, Abbate Regii Monasterii Montis-Serrati Matritensis, Ord. S. Benedicti 
260 |a Matriti :typis Societatis], 1797 
300 |a 83 p. : il. ; f° 
500 |a Portada a dos tintas con grabado central calcográfico. Colofón: Matriti. Prima editio quae ex Typis Regiae Typographorum & Bibliopolarum Societatis in lucem prodiit. ANNO MDCCXCVII. Incluye notas musicales en grabado xilográfico. Encuadernación en piel sobre cartón con broches. Texto a dos tintas 
501 |a 19 obras (10-B) 
501 |a 8 obras (18-B) 
650 1 0 |a Liturgia 
949 |a 10-B, 18-B 
942 |c VIZCANTI 
943 |g Colección Antigua del Archivo Histórico del Colegio de San Ignacio de Loyola. Vizcaínas 
999 |c 1092437  |d 1092437